Quizzes
Events
Quiz Creation
Community
Videos
Private Events
Remove Ads
Sign In
Join for FREE
Feedback
Dark Mode
Quiz Categories
Sports
Geography
Music
Movies
Television
Just For Fun
Miscellaneous
History
Literature
Language
Science
Gaming
Entertainment
Religion
Holiday
For Kids
Quiz Lab
Recent
Popular Today
Quiz Kudos Today
Editor Picks
Curator Picks
Quizzes by...
Day
Popularity
Type
Ratings
Length
Year
Community
Subscriptions
Recent Discussions
Orange Saloon
Badges
Playlists
Quests
Create
Leaderboards
Showdown
Live 5
Trivia Bingo
Activity
Puzzle Library
Sporcle Events
Private Events
Virtual Trivia
Globe League
Become a Host
Pub Owners
SporcleCon
Opinionation
Our Games
Videos
Blog
Mobile Apps
Partnerships
Remove Ads and Go Orange
Feedback
Music
Pop Music
The Beatles
Song
Album
Lyrics
Bands
Singers
Artist
Clip
Rock
Rap
Classical
Billboard
Country Music
Kpop
Taylor Swift
Music
Pop Music
The Beatles
Song
Album
Lyrics
Bands
Singers
Artist
Clip
Rock
Rap
Classical
Billboard
Country Music
Kpop
Taylor Swift
Random Quiz
Search Sporcle
×
Quiz Lab
Quiz Lab
Music
mice
Type in answers that appear in a list
Type in answers that appear in a list
Classic
Best Score? Go Orange.
Of Mice And Men Broken Generation Stats
Can you name the Of Mice And Men Broken Generation?
By
my_chem_lover
10m
268 Questions
37 Plays
37 Plays
37 Plays
Comments
Comments
Give Quiz Kudos
Give Quiz Kudos
-
- Ratings
hide this ad
Replay
Link that replays current quiz
Next Quiz
Link to next quiz in quiz playlist
You Got
0%
They Got
Avg Score
64%
Avg Friend Score
Upgrade to see
Score Distribution
Jump to the score distribution portion of the page
Score
0/268
Timer
10:00
0
Plays Today
Answer
% Correct
broken
94.6%
broken
94.6%
broken
94.6%
the
91.9%
the
91.9%
the
91.9%
The
91.9%
the
91.9%
the
91.9%
the
91.9%
you
89.2%
He
89.2%
and
89.2%
he
89.2%
and
89.2%
you
89.2%
you
89.2%
Can
89.2%
you
89.2%
you
89.2%
Can
89.2%
you
89.2%
Can
89.2%
you
89.2%
And
89.2%
you
89.2%
you
89.2%
you
89.2%
you
89.2%
you
89.2%
you
89.2%
Can
89.2%
you
89.2%
you
89.2%
Can
89.2%
you
89.2%
Can
89.2%
you
89.2%
and
89.2%
you
89.2%
Can
89.2%
you
89.2%
you
89.2%
Can
89.2%
you
89.2%
you
89.2%
Can
89.2%
you
89.2%
Can
89.2%
you
89.2%
Can
89.2%
you
89.2%
hear
86.5%
them
86.5%
hear
86.5%
them
86.5%
hear
86.5%
them
86.5%
hear
86.5%
them
86.5%
hear
86.5%
them
86.5%
hear
86.5%
hear
86.5%
them
86.5%
hear
86.5%
them
86.5%
hear
86.5%
them
86.5%
Feeling
83.8%
to
83.8%
to
83.8%
feeling
83.8%
to
83.8%
to
83.8%
to
83.8%
to
83.8%
to
83.8%
to
83.8%
to
83.8%
hollow
81.1%
calling
81.1%
calling
81.1%
wait
81.1%
hollow
81.1%
calling
81.1%
calling
81.1%
calling
81.1%
calling
81.1%
calling
81.1%
Answer
% Correct
sits
78.4%
me
78.4%
me
78.4%
me
78.4%
waits
75.7%
just
75.7%
ever
75.7%
ever
75.7%
ever
75.7%
ever
75.7%
ever
75.7%
ever
75.7%
do
73%
I
73%
a
73%
a
73%
way
73%
a
73%
way
73%
a
73%
way
73%
his
70.3%
face
70.3%
why
70.3%
down
70.3%
no
70.3%
Will
70.3%
learn
70.3%
will
70.3%
learn
70.3%
will
70.3%
learn
70.3%
learn
70.3%
have
70.3%
find
70.3%
no
70.3%
face
70.3%
in
70.3%
so
70.3%
find
70.3%
in
70.3%
so
70.3%
Will
70.3%
learn
70.3%
will
70.3%
learn
70.3%
will
70.3%
learn
70.3%
learn
70.3%
have
70.3%
find
70.3%
in
70.3%
in
70.3%
have
70.3%
find
70.3%
Screaming
67.6%
bother
67.6%
They'll
67.6%
like
67.6%
justify
67.6%
All
67.6%
testify
67.6%
justify
67.6%
all
67.6%
generation
67.6%
testify
67.6%
justify
67.6%
all
67.6%
generation
67.6%
tear
64.9%
sinner
64.9%
With
64.9%
listen
64.9%
With
64.9%
with
64.9%
She
64.9%
this
64.9%
with
64.9%
listen
64.9%
of
64.9%
this
64.9%
of
64.9%
this
64.9%
words
62.2%
apart
59.5%
cast
59.5%
aside
59.5%
from
59.5%
Can't
59.5%
When
59.5%
Answer
% Correct
When
59.5%
up
59.5%
pieces
59.5%
when
59.5%
up
59.5%
pieces
59.5%
close
56.8%
Rip
56.8%
her
56.8%
her
56.8%
pick
56.8%
pick
56.8%
lies
54.1%
there
54.1%
place
54.1%
were
54.1%
it
54.1%
wise
51.4%
love
51.4%
made
51.4%
away
51.4%
Hands
48.6%
held
48.6%
promises
48.6%
by
48.6%
sorrow
45.9%
stood
45.9%
side
45.9%
is
45.9%
is
45.9%
your
45.9%
your
45.9%
You'll
43.2%
you'll
43.2%
threw
43.2%
You'll
43.2%
you'll
43.2%
You'll
43.2%
you'll
43.2%
back
40.5%
Left
40.5%
Are
40.5%
you're
37.8%
at
37.8%
alone
37.8%
enemy
37.8%
staring
35.1%
not
35.1%
road
35.1%
hell
35.1%
did
35.1%
common
35.1%
listening
35.1%
eyes
32.4%
someone
32.4%
good
32.4%
What
32.4%
paved
29.7%
expect
29.7%
arcane
27%
another
27%
I'd
27%
another
27%
We'll
24.3%
save
24.3%
day
24.3%
apathy
24.3%
rather
24.3%
burn
24.3%
alive
24.3%
reality
24.3%
We'll
24.3%
save
24.3%
day
24.3%
mobilize
21.6%
then
21.6%
drown
21.6%
climb
21.6%
scratch
21.6%
sky
21.6%
pacify
18.9%
walls
18.9%
sence
16.2%
intensions
5.4%
brown
5.4%
callimg
0%
teatify
0%
0%
Quiz Playlist
Details
Report
Send in Message
Add To Playlist
Classic:
Type in answers that appear in a list
Last Updated: Feb 16, 2017
Quiz Scoreboard
CHALLENGE
Sign Up to Join the Scoreboard
Show All
Scores
Hide
Comments
May contain spoilers
Recently Published
9x9 Crossword: Cartoon Network
by jackfrog10
Miscellaneous
3m
College Basketball Coaching Resumes
by pancakes188
Sports
9m
Billboard Blitz: Fleetwood Mac
by CooCooCachoo
Music
15s
More to Explore
Quiz From the Vault
Featured Blog Post
Where Did the Easter Bunny Come From?
hide this ad
You Might Also Like...
Tags
broken
Generation
men
mice
Today's Top Quizzes in Music
Browse Music
hide this ad
Today's Top Quizzes in mice
Browse mice
Top Contributed Quizzes in Music
1
Taylor Swift All Songs (2024)
2
Guess the Artist- 70s Songs
3
7-to-1: Billboard Hot 100 #1 Hits of 2010s
4
Sorting Albums and Songs
5
Taylor Swift Logic Puzzle
6
KPOP LOGIC QUIZ
7
Guess the Taylor Swift song (Mystery Song)
8
Guess The Taylor Swift Lyrics Song #1
9
Billboard Blitz: ABBA
10
One Thing in Common: Music
Explore More
Trending Topics
Disney
Marvel
Harry Potter
Kpop
Anime
Crossword
NBA
Soccer
NFL
Song
WWE
Puzzle
The Office
Country
Pokémon
hide this ad
More By:
my_chem_lover
Quiz
Plays
Rating
Category
Featured
Created
Shinedown Call Me
787
1.38
Music
Mar 24, 2015
PANIC! At The Disco This Is Gospel
725
3.17
Music
Mar 31, 2015
Evanescence Call Me When You're Sober
717
4.71
Music
Mar 24, 2015
Pierce The Veil Disasterology
639
2.75
Music
May 26, 2015
Sleepwalking Bring Me To Horizon
617
4.50
Music
Apr 24, 2015
Go to Creator's Profile
Score Distribution
Quiz Creator Spotlight
my_chem_lover
Follow
Send a Message
Quizzes Created
-
Created Quiz Play Count
-
More By This Creator
Popular Quizzes Today
1
Find the US States - No Outlines Minefield
2
Find the Countries of Europe - No Outlines Minefield
3
The Countries of the World
4
Find the US States
5
Risky Map Clicking: Biggest States A-Z
6
US States
7
Popular People in 1961
8
Movies - When Are They Set?
More Music Quizzes
'Nothing Compares 2 U' Lyrics
Published
Trending Quizzes
Risky Map Clicking: Least Populous States A-Z
1-10 Letter G Words
1-10 Letter F Words
Risky Map Clicking: Next State Alphabetically
Adjectives in 80s TV Shows
Recently Updated
Leaping Animals
pecheneg
Reality TV Shows (A-Z)
bhenderson79
Rickey Henderson's Hall of Fame Teammates
pecheneg
Champions League XIs: Arsenal
pecheneg
Quick Pick: Celebrities in WWE's Hall of Fame
aduchscher
A-Z Keypad Blitz II
pecheneg
Multiple Oscar Actors
pecheneg
Mystery Phrase Blitz: Oscar 'Best Actors'
pecheneg
F. Scott Fitzgerald Novels
LTH
Pick 3 Villains
ddd62291
Trending Topics
Crossword
NBA
Disney
Kpop
Harry Potter
Anime
Marvel
Country
NFL
Puzzle
The Office
Song
WWE
Pokémon
Soccer
Your Account Isn't Verified!
In order to create a playlist on Sporcle, you need to verify the email address you used during registration. Go to your
Sporcle Settings
to finish the process.
Report this User
Report this user for behavior that violates our
Community Guidelines
.
Details:
Send Report
Go to the Sporcle.com Mobile Site →
Comments